Filmographie Stanley Kubrick - Statistiques

Statistiques générales
  • Ce quiz a été pris 247 fois
  • Le résultat moyen est 9 sur 13
Statistiques - réponses
Année Films % Correct
1980 Shining
93%
1971 Orange mécanique
90%
1968 2001, l'Odyssée de l'espace
86%
1999 Eyes Wide Shut
86%
1987 Full Metal Jacket
83%
1975 Barry Lyndon
73%
1964 Docteur Folamour
66%
1962 Lolita
66%
1957 Les Sentiers de la gloire
63%
1960 Spartacus
58%
1956 L'Ultime Razzia
35%
1953 Fear and Desire
30%
1955 Le Baiser du tueur
27%
Aucun quiz correspondant
Distribution des résultats
% des personnes avec chaque résultat
Percentile par nombre de réponses
Votre historique - résultats
Vous n’avez pas pris ce quiz